| 000 | 00582nam a2200217 i 4500 | ||
|---|---|---|---|
| 001 | C2-0241656 | ||
| 003 | PPAK | ||
| 005 | 20180727203934.0 | ||
| 008 | 020811s1981 my |||| ||||| | may d | ||
| 040 |
_aPPAK _beng _cPPAK _erda |
||
| 082 | 0 | 4 |
_a070.433 _223 |
| 090 | 0 | 0 |
_a070.433 _bPEM _dKSA |
| 245 | 0 | 0 |
_aPembina : _bbulanan semi ilmiah |
| 264 | 1 |
_aPetaling Jaya, Selangor : _bPustaka Dahlia , _c1981 |
|
| 300 |
_a52 pages ; _c23 cm |
||
| 336 |
_2rdacontent _atext |
||
| 337 |
_2rdamedia _aunmediated |
||
| 338 |
_2rdacarrier _avolume |
||
| 650 | 1 | 0 | _aPeriodicals |
| 942 |
_ddc _cB |
||
| 999 |
_c56607 _d56607 |
||